Celestial horizons (Record no. 5513)

MARC details
000 -LEADER
fixed length control field 00629nam a2200205Ia 4500
003 - CONTROL NUMBER IDENTIFIER
control field IN-BaIIA
008 - FIXED-LENGTH DATA ELEMENTS--GENERAL INFORMATION
fixed length control field 211028s9999 xx 000 0 eng d
020 ## - INTERNATIONAL STANDARD BOOK NUMBER
International Standard Book Number 0-205-05571-0
040 ## - CATALOGING SOURCE
Transcribing agency IIA Library
080 ## - UNIVERSAL DECIMAL CLASSIFICATION NUMBER
Universal Decimal Classification number 521.1
Item number ROS
100 ## - MAIN ENTRY--PERSONAL NAME
Personal name Rosemergy, John C
9 (RLIN) 9572
245 #0 - TITLE STATEMENT
Title Celestial horizons
Remainder of title a concise view of the universe
Statement of responsibility, etc. John C Rosemergy
260 ## - PUBLICATION, DISTRIBUTION, ETC.
Place of publication, distribution, etc. Boston
Name of publisher, distributor, etc. Allyn and Bacon
Date of publication, distribution, etc. 1977
300 ## - PHYSICAL DESCRIPTION
Extent x, 260p.
650 ## - SUBJECT ADDED ENTRY--TOPICAL TERM
Topical term or geographic name entry element Astronomy and astrophysics thesaurus
650 ## - SUBJECT ADDED ENTRY--TOPICAL TERM
Topical term or geographic name entry element Celestial mechanics
650 ## - SUBJECT ADDED ENTRY--TOPICAL TERM
Topical term or geographic name entry element Celestial sphere
9 (RLIN) 1503
650 ## - SUBJECT ADDED ENTRY--TOPICAL TERM
Topical term or geographic name entry element Universe
9 (RLIN) 1987
942 ## - ADDED ENTRY ELEMENTS (KOHA)
Koha item type Books
Holdings
Withdrawn status Lost status Damaged status Not for loan Home library Current library Shelving location Date acquired Total Checkouts Full call number Barcode Date last seen Price effective from Koha item type
        IIA Library-Bangalore IIA Library-Bangalore General Stacks 06/08/1977   521.1/ ROS 6167 05/11/2021 06/08/1977 Books

Powered by Koha